ბათუმის შოთა რუსთაველის სახელმწიფო უნივერსიტეტის ბიბლიოთეკა

ლექსები, პოემა, თარგმანები, ესსეები, წერილები მწერლის არქივიდან. (ბიბ.ჩანაწერი № 39575)

000 -ლიდერი
ფიქსირებული სიგრძის საკონტროლო ველი 01238nam a2200217Ia 4500
001 - საკონტროლო ნომერი
საკონტროლო ველი 6174
003 - საკონტროლო ნომრის იდენტიფიკატორი
საკონტროლო ველი GE_BSU
005 - ბოლო ოპერაციის თარიღი და დრო
საკონტროლო ველი 20191202154948.0
008 - ფიქსირებული სიგრძის მონაცემთა ელემენტები - ზოგადი ინფორმაცია
ფიქსირებული სიგრძის საკონტროლო ველი 181216s1990||||ge |||||||||||||| ||geo||
040 ## - კატალოგიზაციის წყარო
Transcribing agency GE_BSU
041 ## - ენის კოდი
Language code of text/sound track or separate title geo
080 ## - უნივერსალური ათობითი კლასიფიკაციის ინდექსი
Universal Decimal Classification number 821.353.1-1 + 821.353.1.09 გ-22
100 ## - მთავარი ჩანაწერი - პიროვნების სახელი
Personal name გაფრინდაშვილი, ვალერიან.
9 (RLIN) 5651
245 ## - ცნობა სათაურის შესახებ
Title ლექსები, პოემა, თარგმანები, ესსეები, წერილები მწერლის არქივიდან.
Statement of responsibility, etc ვალერიან გაფრინდაშვილი ; შემდგ.-რედ. მარინე ჭყონია, რედ. გ. გვერდწითელი.
264 ## - წარმოების, გამოცემის, დისტრიბუციის და სხვა ცნობები
გამოცემის, წარმოების, დისტრიბუციის... ადგილი თბილისი :
გამოცემის, წარმოების, დისტრიბუციის... სახელწოდება მერანი,
გამოცემის, წარმოების, დისტრიბუციის... თარიღი 1990.
300 ## - ფიზიკური აღწერა
Extent 717 გვ. :
Other physical details 1 ფ. პორტრ. ;
Dimensions 21 სმ.
653 ## - INDEX TERM--UNCONTROLLED
Uncontrolled term ლექსები, პოემა, თარგმანები, ესსეები, წერილები.
700 ## - ADDED ENTRY--PERSONAL NAME
Personal name ჭყონია, მარინა
Relator term შემდგენელ რედაქტორი
9 (RLIN) 5670
700 ## - ADDED ENTRY--PERSONAL NAME
Personal name გვერდწითელი, გ.
Relator term რედაქტორი
9 (RLIN) 3669
942 ## - ADDED ENTRY ELEMENTS (KOHA)
Koha item type წიგნი
Source of classification or shelving scheme
ეგზემპლარები
ჩამოწერის სტატუსი დაკარგული ეგზემპლარის სტატუსი კლასიფიკაციის წყარო ან თაროზე გაწყობის სქემა დაზიანების სტატუსი არ გაიცემა მუდმივი მდებარეობა (დაცვის ადგილი) ამჟამინდელი ადგილსამყოფელი თაროზე განთავსების ადგილი შეძენის თარიღი ღირებულება, შესყიდვის ნორმალური ფასი სრული შენახვის შიფრი შტრიხკოდი ბოლო ოპერაციის თარიღი ეგზემპლარის მიმდევრობითი ნომერი (კეტერი?) ფასის ძალაში შესვლის თარიღი ეგზემპლარის სახეობა საჯარო შენიშვნა
          ბათუმის შოთა რუსთაველის სახელმწიფო უნივერსიტეტის მთავარი ბიბლიოთეკა ბათუმის შოთა რუსთაველის სახელმწიფო უნივერსიტეტის მთავარი ბიბლიოთეკა წიგნსაცავი 2018-12-17 8.00 821.353.1-1 + 821.353.1.09 გ-22 14443 2018-12-17 1443 2018-12-17 წიგნი 8.00 ლ.